[Event "ZN-2013-0-02251"]
[Site "LSS email"]
[Date "2013.03.30"]
[Round "?"]
[White "Hendershot, Paul"]
[Black "Alonso, Raul"]
[Result "0-1"]
[WhiteElo "497"]
[BlackElo "1024"]
[PlyCount "52"]
[EventDate "2013.03.24"]
[EventType "match (corr)"]
[EventRounds "2"]
[EventCountry "GER"]
[SourceTitle "Telechess CBM 161"]
[Source "ChessBase"]
[SourceDate "2014.07.16"]
[SourceVersion "1"]
[SourceVersionDate "2014.07.16"]
[SourceQuality "1"]

1. e4 c5 2. c3 Nc6 3. Bc4 e6 4. Na3 Nf6 5. Qe2 Be7 6. Nf3 d6 7. Qe3 0-0 8. Ng5 Ng4 9. Qd3 Bxg5 10. Nb5 Be7 11. 0-0 a6 12. Na3 b5 13. Bb3 c4 14. Bxc4 bxc4 15. Qxc4 Bb7 16. f3 Nf6 17. d3 d5 18. Qb3 Qc7 19. Qd1 Rad8 20. Be3 dxe4 21. fxe4 Nxe4 22. d4 Ne5 23. Qe1 Ng4 24. Bf4 Qc6 25. h3 Nxc3 26. bxc3 Qxg2# 0-1

[Event "SN-2013-0-00496"]
[Site "LSS email"]
[Date "2013.03.18"]
[Round "?"]
[White "Alonso, Raul"]
[Black "Linart, Ludvik"]
[Result "0-1"]
[WhiteElo "1024"]
[BlackElo "869"]
[PlyCount "36"]
[EventDate "2013.02.25"]
[EventType "tourn (corr)"]
[EventRounds "6"]
[EventCountry "GER"]
[SourceTitle "Corr 2015"]
[Source "ChessBase"]
[SourceDate "2015.07.17"]
[SourceVersion "1"]
[SourceVersionDate "2015.07.17"]
[SourceQuality "1"]

1. d4 d5 2. c4 Nf6 3. Nc3 dxc4 4. e4 e6 5. Bxc4 Bb4 6. Qa4+ Nc6 7. Nf3 Bxc3+ 8. bxc3 Nxe4 9. Qc2 Nd6 10. Bd3 f5 11. 0-0 0-0 12. Bf4 b6 13. Rfe1 Qf6 14. Rad1 Bb7 15. a3 Rfc8 16. Ne5 Nxe5 17. dxe5 Qg6 18. exd6 Qxg2# 0-1

[Event "SN-2013-0-00496"]
[Site "LSS email"]
[Date "2013.03.18"]
[Round "?"]
[White "Ochoa, Fernandez"]
[Black "Alonso, Raul"]
[Result "1/2-1/2"]
[WhiteElo "1198"]
[BlackElo "1024"]
[PlyCount "53"]
[EventDate "2013.02.25"]
[EventType "tourn (corr)"]
[EventRounds "6"]
[EventCountry "GER"]
[SourceTitle "Telechess CBM 161"]
[Source "ChessBase"]
[SourceDate "2014.07.16"]
[SourceVersion "1"]
[SourceVersionDate "2014.07.16"]
[SourceQuality "1"]

1. e4 c5 2. Nc3 Nc6 3. Nge2 d6 4. d4 cxd4 5. Nxd4 Nf6 6. Bg5 e6 7. Qd2 a6 8. Nxc6 bxc6 9. 0-0-0 Be7 10. Bxf6 Bxf6 11. Qxd6 Qxd6 12. Rxd6 Bd7 13. Na4 Ke7 14. Rd3 Rab8 15. c3 Rb5 16. Rd1 Ra5 17. Nb6 Rd8 18. a4 c5 19. b3 c4 20. b4 Rg5 21. f4 Rg6 22. e5 Bh4 23. Nxd7 Rxd7 24. g3 Bxg3 25. Rxd7+ Kxd7 26. hxg3 Rxg3 27. Kd2 1/2-1/2

[Event "RN-2013-0-00616"]
[Site "LSS email"]
[Date "2013.03.11"]
[Round "?"]
[White "Alonso, Raul"]
[Black "Bortnicker, Justin"]
[Result "0-1"]
[WhiteElo "1024"]
[BlackElo "812"]
[PlyCount "76"]
[EventDate "2013.03.05"]
[EventType "tourn (corr)"]
[EventRounds "6"]
[EventCountry "GER"]
[SourceTitle "Telechess CBM 161"]
[Source "ChessBase"]
[SourceDate "2014.07.16"]
[SourceVersion "1"]
[SourceVersionDate "2014.07.16"]
[SourceQuality "1"]

1. e4 c5 2. Nf3 Nc6 3. Bb5 Qb6 4. Nc3 Nd4 5. Nd5 Qd8 6. Nxd4 cxd4 7. Qh5 e6 8. Qe5 f6 9. Qxe6+ Ne7 10. d3 Qa5+ 11. Bd2 Qxb5 12. Nc7+ Kd8 13. Nxb5 dxe6 14. Nxd4 e5 15. Ne2 Bd7 16. 0-0 g5 17. f3 Ng6 18. g3 h5 19. Kg2 Bd6 20. Rad1 Ke7 21. Rfe1 g4 22. f4 exf4 23. Nxf4 Nxf4+ 24. gxf4 Bc6 25. d4 Rhe8 26. Kf2 Kf7 27. e5 fxe5 28. fxe5 Bf8 29. c4 Be7 30. d5 Bh4+ 31. Kg1 Bxe1 32. Rxe1 Bd7 33. e6+ Bxe6 34. dxe6+ Rxe6 35. Rf1+ Kg6 36. Bc3 Rae8 37. Kg2 h4 38. Rd1 Re2+ 0-1